|
|
|
|
| LEADER |
00000nam a2200000 a 4500 |
| 001 |
vtls001406915 |
| 003 |
SK-MaSNL |
| 005 |
20260301120225.0 |
| 008 |
240313s1999 xo ae r yy 0 slo |
| 015 |
|
|
|a SNBA2001/04-01404
|
| 020 |
|
|
|a 8088868467
|
| 035 |
|
|
|a SNK000361561
|
| 035 |
|
|
|a urn:nbn:sk:snk-amkmce
|
| 035 |
|
|
|a urn:nbn:sk:snk-am003c89
|
| 035 |
|
|
|a 97207E29-8D0F-48C9-8C1C-F8BCEA6A0FAA
|
| 040 |
|
|
|a SNK
|b slo
|c SNK
|e AACR2
|
| 041 |
0 |
|
|a slo
|
| 044 |
|
|
|a xo
|c SK
|
| 080 |
|
|
|a 362.8(075)
|2 1981
|
| 100 |
1 |
|
|a Svetlíková, Jana,
|d 1953-
|4 aut
|9 125455
|
| 245 |
1 |
0 |
|a Prvá pomoc pri citových traumách
|b učebnica pre prípravu dobrovoľných sociálnych pracovníkov s ohrozenou mládežou
|c Jana Svetlíková
|
| 260 |
|
|
|a Bratislava
|b Pedagogická fakulta UK
|c 1999
|
| 300 |
|
|
|a 79 s.
|c 24 cm
|
| 500 |
|
|
|a Na tit. strane rok vyd. 1998
|
| 504 |
|
|
|a Bibliogr. s. 79. Slovníček
|
| 650 |
0 |
7 |
|a mládež
|x krízy životné
|x pomoc
|x pracovníci sociálni
|x učebnice
|2 SNK
|9 462411
|
| 655 |
|
7 |
|a učebnice
|2 SNK
|9 22521
|
| 919 |
|
|
|a 80-88868-46-7
|
| 958 |
|
|
|a TL
|
| 958 |
|
|
|a NB
|
| 958 |
|
|
|a UV
|
| 999 |
|
|
|c 725142
|d 727072
|
| 952 |
|
|
|t P60, <09>, [BOOK], {629}
|a SNK
|b SNK
|y NEVYP
|7 0
|o snkC 106
|i snk205/20010213
|0 0
|1 0
|4 0
|d 2001-02-12
|l 0
|r 2005-01-02 00:00:00
|w 2026-02-23
|
| 952 |
|
|
|t P60, <03>, [BOOK], {603}
|a SNK
|b SNK
|y PREZ
|7 0
|p 17A0270530
|o snkSC 103933
|i snkKSP 2130/2001
|0 0
|1 0
|4 0
|d 2001-02-12
|f 1
|l 0
|r 2025-09-25 00:00:00
|w 2026-02-23
|
| 952 |
|
|
|t P60, <04>, [BOOK], {604}
|a SNK
|b SNK
|y VYP
|7 0
|p 17A0270529
|o snkSC 103933 D1
|i snkKSP 2131/2001
|0 0
|1 0
|4 0
|d 2001-02-12
|l 0
|r 2005-01-02 00:00:00
|w 2026-02-23
|